Welcome to the Holygrace Academy Library

Please use search bar below to get started

RUMPLY CRUMPLY STINKY PIN (Record no. 5725)

MARC details
000 -LEADER
fixed length control field 00238nam a22001097a 4500
020 ## - INTERNATIONAL STANDARD BOOK NUMBER
ISBN 978-1-84121-412-2
082 ## - DEWEY DECIMAL CLASSIFICATION NUMBER
Classification number 823
Item number ANH/R
100 ## - MAIN ENTRY--AUTHOR NAME
Personal name ANHOLT, LAURENCE
245 ## - TITLE STATEMENT
Title RUMPLY CRUMPLY STINKY PIN
260 ## - PUBLICATION, DISTRIBUTION, ETC. (IMPRINT)
Name of publisher ORCHARD BOOKS
942 ## - ADDED ENTRY ELEMENTS (KOHA)
Koha item type Books
Holdings
Withdrawn status Lost status Collection code Home library Current library Shelving location Date acquired Source of acquisition Cost, normal purchase price Full call number Accession Number Koha item type
    Fiction Main Library Main Library SHELF 15-I-CHILDREN'S STORYBOOKS 22/03/2014 Purchase 3.99 823 ANH/R 08113 Books